Statistics for Easy General Knowledge Quiz #2

Click here to take the quiz!

General Stats

  • This quiz has been taken 301 times
  • The average score is 6 of 12

Answer Stats

HintAnswer% Correct
What is the fastest land animal on earthCheetah
94%
Which color food is best for youGreen
92%
Complete the idiom. An (blank) a day keeps the doctor awayapple
79%
What is the preferred food of polar bearsSeals
65%
What type of food is mainly eaten by Native Americans and is called maizeCorn
62%
Who mainly wrote the Declaration of IndependenceThomas Jefferson
47%
Which famous American military lader failed to beat the Native Americans in a warGeorge Washington
37%
What color do you get by mixing blue and greenTeal
31%
Who had the largest signature on the declaration of independenceJohn Hancock
25%
Which baseball player is called Yogi BearYogi Berra
16%
Which player retired after he won MVP for Super Bowl L (50)Peyton Manning
14%
Where were sugar canes originatedAsia (South East Asia)
8%

Score Distribution

Percentile by Number Answered

Percent of People with Each Score

Your Score History

You have not taken this quiz